[Event "Sant Cugat Vs Valls"]
[Site "Sant Cugat del Valles"]
[Date "2023.02.18"]
[Round "5.1"]
[White "Aguero Jimenez, Luis Lazaro"]
[Black "Peralta, Fernando"]
[Result "1/2-1/2"]
[TimeControl "90'+30\""]
[WhiteTitle "GM"]
[BlackTitle "GM"]
[WhiteFideId "3508455"]
[BlackFideId "105309"]
[WhiteElo "2455"]
[BlackElo "2596"]

1. e4 {[%clk 01:28:12]} {[%emt 00:02:47]} c6 {[%clk 01:30:49]} {[%emt
00:00:11]} 2. d4 {[%clk 01:28:37]} {[%emt 00:00:06]} d5 {[%clk 01:31:14]}
{[%emt 00:00:04]} 3. Nd2 {[%clk 01:29:05]} {[%emt 00:00:03]} dxe4 {[%clk
01:31:32]} {[%emt 00:00:11]} 4. Nxe4 {[%clk 01:29:30]} {[%emt 00:00:04]} Nf6
{[%clk 01:31:38]} {[%emt 00:00:24]} 5. Nxf6+ {[%clk 01:29:55]} {[%emt
00:00:06]} exf6 {[%clk 01:32:03]} {[%emt 00:00:04]} 6. c3 {[%clk 01:30:11]}
{[%emt 00:00:15]} Bd6 {[%clk 01:32:10]} {[%emt 00:00:22]} 7. Bd3 {[%clk
01:30:36]} {[%emt 00:00:06]} O-O {[%clk 01:32:23]} {[%emt 00:00:16]} 8. Qc2
{[%clk 01:31:03]} {[%emt 00:00:04]} Re8+ {[%clk 01:31:29]} {[%emt 00:01:24]} 9.
Ne2 {[%clk 01:31:27]} {[%emt 00:00:05]} h5 {[%clk 01:31:53]} {[%emt 00:00:06]}
10. Be3 {[%clk 01:30:55]} {[%emt 00:01:02]} Nd7 {[%clk 01:31:20]} {[%emt
00:01:02]} 11. O-O-O {[%clk 01:30:25]} {[%emt 00:01:00]} Nf8 {[%clk 01:31:35]}
{[%emt 00:00:15]} 12. Kb1 {[%clk 01:29:48]} {[%emt 00:01:06]} Be6 {[%clk
01:31:32]} {[%emt 00:00:33]} 13. c4 {[%clk 01:28:15]} {[%emt 00:02:04]} Rc8
{[%clk 01:30:35]} {[%emt 00:01:27]} 14. Qd2 {[%clk 01:19:38]} {[%emt 00:09:07]}
Qd7 {[%clk 01:04:20]} {[%emt 00:26:46]} 15. Ng3 {[%clk 00:58:04]} {[%emt
00:22:04]} h4 {[%clk 01:01:37]} {[%emt 00:03:12]} 16. d5 {[%clk 00:49:57]}
{[%emt 00:08:37]} cxd5 {[%clk 00:56:02]} {[%emt 00:06:05]} 17. cxd5 {[%clk
00:50:22]} {[%emt 00:00:05]} Bxd5 {[%clk 00:31:03]} {[%emt 00:25:29]} 18. Bh7+
{[%clk 00:48:06]} {[%emt 00:02:47]} Nxh7 {[%clk 00:27:24]} {[%emt 00:04:08]} 19.
Qxd5 {[%clk 00:48:31]} {[%emt 00:00:04]} hxg3 {[%clk 00:25:46]} {[%emt
00:02:08]} 20. hxg3 {[%clk 00:48:48]} {[%emt 00:00:13]} Qc6 {[%clk 00:22:30]}
{[%emt 00:03:46]} 21. Qxd6 {[%clk 00:48:53]} {[%emt 00:00:25]} Qxg2 {[%clk
00:22:29]} {[%emt 00:00:32]} 22. Qd3 {[%clk 00:43:59]} {[%emt 00:05:24]} Nf8
{[%clk 00:21:27]} {[%emt 00:01:32]} 23. Bxa7 {[%clk 00:44:15]} {[%emt
00:00:15]} Rcd8 {[%clk 00:19:16]} {[%emt 00:02:40]} 24. Qc2 {[%clk 00:41:24]}
{[%emt 00:03:21]} Ng6 {[%clk 00:17:44]} {[%emt 00:02:03]} 25. Be3 {[%clk
00:38:34]} {[%emt 00:03:20]} Qf3 {[%clk 00:16:44]} {[%emt 00:01:30]} 26. Rxd8
{[%clk 00:22:56]} {[%emt 00:16:08]} Rxd8 {[%clk 00:16:42]} {[%emt 00:00:32]} 27.
Rc1 {[%clk 00:22:53]} {[%emt 00:00:32]} Ne5 {[%clk 00:15:23]} {[%emt 00:01:49]}
28. Bb6 {[%clk 00:20:34]} {[%emt 00:02:49]} Ra8 {[%clk 00:14:04]} {[%emt
00:01:49]} 29. a3 {[%clk 00:18:04]} {[%emt 00:03:01]} Nd3 {[%clk 00:11:21]}
{[%emt 00:03:13]} 30. Rd1 {[%clk 00:17:25]} {[%emt 00:01:09]} Ne5 {[%clk
00:07:22]} {[%emt 00:04:29]} 31. Rd4 {[%clk 00:17:08]} {[%emt 00:00:47]} Re8
{[%clk 00:04:04]} {[%emt 00:03:48]} 32. Re4 {[%clk 00:14:06]} {[%emt 00:03:32]}
Ra8 {[%clk 00:02:17]} {[%emt 00:02:17]} 33. Rd4 {[%clk 00:10:03]} {[%emt
00:04:34]} Re8 {[%clk 00:02:37]} {[%emt 00:00:09]} 34. Re4 {[%clk 00:09:47]}
{[%emt 00:00:47]} Ra8 {[%clk 00:03:02]} {[%emt 00:00:05]} 35. Rd4 {[%clk
00:07:34]} {[%emt 00:02:43]} 1/2-1/2

[Event "Sant Cugat Vs Valls"]
[Site "Sant Cugat del Valles"]
[Date "2023.02.18"]
[Round "5.2"]
[White "Gonzalez Garcia, Jose"]
[Black "Fernandez Guillen, Ernesto Javier"]
[Result "1-0"]
[TimeControl "90'+30\""]
[WhiteTitle "GM"]
[BlackTitle "IM"]
[WhiteFideId "5101174"]
[BlackFideId "3512428"]
[WhiteElo "2458"]
[BlackElo "2454"]

1. d4 {[%emt 00:04:12]} d5 {[%clk 01:27:01]} {[%emt 00:00:10]} 2. c4 {[%emt
00:00:14]} e6 {[%emt 00:00:16]} 3. Nc3 {[%clk 01:31:00]} {[%emt 00:00:13]} f5
{[%clk 01:27:42]} {[%emt 00:00:13]} 4. Bf4 {[%emt 00:01:11]} Bd6 {[%emt
00:06:20]} 5. Bxd6 {[%emt 00:00:30]} Qxd6 {[%clk 01:27:13]} {[%emt 00:00:08]} 6.
e3 {[%emt 00:01:03]} c6 {[%emt 00:04:24]} 7. Qh5+ {[%clk 01:21:33]} {[%emt
00:00:18]} g6 {[%clk 01:23:28]} {[%emt 00:03:47]} 8. Qg5 {[%clk 01:19:07]}
{[%emt 00:03:08]} Nd7 9. h4 {[%emt 00:08:58]} Ne7 {[%emt 00:17:17]} 10. h5
{[%clk 01:01:29]} {[%emt 00:00:53]} h6 {[%clk 01:03:40]} {[%emt 00:12:35]} 11.
Qf4 {[%emt 00:21:45]} Qxf4 {[%clk 00:53:19]} {[%emt 00:03:30]} 12. exf4 {[%emt
00:01:10]} g5 {[%emt 00:01:10]} 13. O-O-O {[%clk 00:44:51]} {[%emt 00:03:11]}
dxc4 {[%clk 00:50:46]} {[%emt 00:01:45]} 14. Bxc4 {[%emt 00:01:19]} Nb6 {[%emt
00:00:59]} 15. Bb3 {[%emt 00:03:32]} a5 {[%emt 00:07:36]} 16. a3 {[%emt
00:07:12]} a4 {[%clk 00:40:29]} {[%emt 00:00:13]} 17. Ba2 {[%emt 00:00:54]}
Nbd5 {[%emt 00:00:47]} 18. fxg5 {[%emt 00:05:27]} hxg5 {[%emt 00:03:36]} 19.
Bxd5 {[%emt 00:06:05]} cxd5 {[%clk 00:31:15]} {[%emt 00:02:30]} 20. Nf3 {[%emt
00:03:21]} g4 {[%clk 00:29:49]} {[%emt 00:00:05]} 21. Ne5 {[%emt 00:03:22]} Nc6
{[%emt 00:03:09]} 22. f3 {[%clk 00:24:17]} {[%emt 00:02:59]} Nxe5 {[%clk
00:19:38]} {[%emt 00:07:36]} 23. dxe5 {[%clk 00:24:06]} {[%emt 00:00:41]} gxf3
{[%clk 00:19:47]} {[%emt 00:00:20]} 24. gxf3 {[%emt 00:03:47]} Bd7 {[%clk
00:15:02]} {[%emt 00:01:40]} 25. Ne2 {[%emt 00:08:10]} Kf7 {[%emt 00:01:05]} 26.
Kd2 {[%emt 00:03:44]} Rag8 {[%emt 00:03:11]} 27. Nf4 {[%emt 00:02:40]} Rg3
{[%clk 00:08:01]} {[%emt 00:01:08]} 28. Ke3 {[%emt 00:00:13]} Bc6 {[%clk
00:07:00]} {[%emt 00:01:29]} 29. Kf2 {[%emt 00:02:20]} Rgg8 {[%emt 00:01:27]}
30. Rdg1 {[%emt 00:01:16]} Rxg1 {[%clk 00:02:56]} {[%emt 00:01:12]} 31. Rxg1
{[%clk 00:14:57]} {[%emt 00:00:09]} Rh6 {[%emt 00:06:05]} 32. Rg6 {[%clk
00:10:09]} {[%emt 00:00:04]} Rxg6 {[%clk 00:02:50]} {[%emt 00:00:15]} 33. hxg6+
{[%emt 00:01:33]} Kg7 {[%emt 00:00:13]} 34. Nxe6+ {[%clk 00:10:26]} {[%emt
00:00:19]} Kxg6 {[%clk 00:02:26]} {[%emt 00:00:02]} 35. Kg3 {[%emt 00:02:17]}
b6 {[%clk 00:00:46]} {[%emt 00:00:03]} 36. Kf4 {[%clk 00:10:39]} {[%emt
00:00:36]} Bb7 {[%emt 00:03:32]} 37. Nf8+ {[%clk 00:07:57]} {[%emt 00:00:06]}
Kf7 {[%clk 00:01:10]} {[%emt 00:00:09]} 38. Nd7 {[%emt 00:00:50]} Ke6 {[%emt
00:01:10]} 39. Nxb6 {[%clk 00:07:27]} {[%emt 00:00:29]} Bc6 {[%emt 00:01:12]}
40. Ke3 {[%clk 00:07:00]} {[%emt 00:00:15]} Kxe5 {[%clk 00:00:45]} {[%emt
00:00:26]} 41. f4+ {[%clk 00:07:29]} Ke6 {[%emt 00:00:18]} 42. Kd3 {[%emt
00:00:33]} Ke7 {[%emt 00:01:01]} 43. Kc3 {[%emt 00:00:34]} Ke6 {[%emt
00:00:57]} 44. Kb4 {[%clk 00:06:40]} {[%emt 00:00:10]} Kd6 {[%emt 00:03:19]} 45.
Nc8+ {[%emt 00:00:15]} Kd7 {[%emt 00:00:29]} 46. Na7 {[%emt 00:00:11]} Kd6
{[%emt 00:03:50]} 47. Nb5+ {[%emt 00:00:50]} Bxb5 {[%clk 00:00:39]} {[%emt
00:00:11]} 48. Kxb5 {[%clk 00:01:57]} {[%emt 00:00:01]} d4 {[%emt 00:01:20]} 49.
Kc4 {[%clk 00:01:24]} {[%emt 00:00:11]} d3 {[%clk 00:01:09]} {[%emt 00:00:02]}
50. Kxd3 {[%clk 00:01:28]} {[%emt 00:00:26]} Kd5 {[%emt 00:00:25]} 51. b4
{[%emt 00:00:10]} axb3 {[%emt 00:00:52]} 52. a4 {[%emt 00:01:20]} b2 {[%clk
00:00:45]} {[%emt 00:00:34]} 53. Kc2 {[%clk 00:01:29]} {[%emt 00:00:02]} Ke4
{[%clk 00:00:33]} {[%emt 00:00:43]} 54. a5 {[%clk 00:01:51]} {[%emt 00:00:07]}
Kxf4 {[%clk 00:00:40]} {[%emt 00:00:24]} 55. a6 {[%clk 00:02:16]} {[%emt
00:00:05]} Ke3 {[%clk 00:00:33]} {[%emt 00:00:36]} 56. a7 {[%emt 00:00:09]} 1-0

[Event "Sant Cugat Vs Valls"]
[Site "Sant Cugat del Valles"]
[Date "2023.02.18"]
[Round "5.3"]
[White "Sama Salinas, Hector"]
[Black "Iermito, Sebastian"]
[Result "0-1"]
[TimeControl "90'+30\""]
[WhiteTitle "FM"]
[BlackTitle "IM"]
[WhiteFideId "32086857"]
[BlackFideId "114286"]
[WhiteElo "2350"]
[BlackElo "2525"]

1. e4 {[%clk 01:30:55]} {[%emt 00:00:04]} c5 {[%clk 01:30:08]} {[%emt
00:00:53]} 2. Nf3 {[%clk 01:31:03]} {[%emt 00:00:21]} Nc6 {[%clk 01:30:14]}
{[%emt 00:00:25]} 3. g3 {[%clk 01:30:44]} {[%emt 00:00:50]} g6 {[%clk
01:29:01]} {[%emt 00:01:43]} 4. Bg2 {[%clk 01:30:41]} {[%emt 00:00:33]} Bg7
{[%clk 01:29:27]} {[%emt 00:00:03]} 5. O-O {[%clk 01:30:56]} {[%emt 00:00:14]}
d6 {[%clk 01:28:54]} {[%emt 00:01:04]} 6. Nc3 {[%clk 01:27:58]} {[%emt
00:03:28]} e6 {[%clk 01:24:20]} {[%emt 00:05:05]} 7. d3 {[%clk 01:26:51]}
{[%emt 00:01:36]} Nge7 {[%clk 01:24:44]} {[%emt 00:00:07]} 8. Bg5 {[%clk
01:25:54]} {[%emt 00:01:26]} O-O {[%clk 01:15:49]} {[%emt 00:09:26]} 9. Qd2
{[%clk 01:25:49]} {[%emt 00:00:34]} Rb8 {[%emt 00:11:00]} 10. a3 {[%emt
00:03:19]} b5 {[%emt 00:07:50]} 11. b4 {[%emt 00:06:23]} a5 {[%clk 00:59:47]}
{[%emt 00:07:12]} 12. bxc5 {[%clk 01:00:00]} {[%emt 00:09:07]} dxc5 {[%clk
01:00:12]} {[%emt 00:00:05]} 13. Rab1 {[%emt 00:23:07]} b4 {[%clk 00:33:21]}
{[%emt 00:05:09]} 14. Na4 {[%clk 00:58:05]} {[%emt 00:01:59]} Qd6 {[%emt
00:12:00]} 15. Be3 {[%clk 00:48:12]} {[%emt 00:00:10]} Rb5 {[%emt 00:24:42]} 16.
Nb2 {[%clk 00:30:08]} {[%emt 00:00:36]} bxa3 {[%clk 00:22:41]} {[%emt
00:03:39]} 17. Nc4 {[%clk 00:26:19]} {[%emt 00:04:20]} Rxb1 {[%clk 00:23:08]}
{[%emt 00:00:04]} 18. Rxb1 {[%clk 00:25:24]} {[%emt 00:01:25]} a2 {[%clk
00:23:37]} 19. Re1 {[%clk 00:17:30]} {[%emt 00:08:23]} Qb8 {[%clk 00:23:36]}
{[%emt 00:00:31]} 20. e5 {[%clk 00:17:17]} {[%emt 00:00:43]} Ba6 {[%clk
00:18:10]} {[%emt 00:05:55]} 21. Nxa5 {[%clk 00:07:38]} {[%emt 00:10:09]} Qb1
{[%clk 00:16:44]} {[%emt 00:01:56]} 22. Nb3 {[%clk 00:06:18]} {[%emt 00:01:50]}
c4 {[%clk 00:16:54]} {[%emt 00:00:20]} 23. dxc4 {[%clk 00:01:52]} {[%emt
00:04:56]} Bxc4 {[%clk 00:17:19]} {[%emt 00:00:05]} 24. Qc3 {[%clk 00:01:47]}
{[%emt 00:00:36]} Bxb3 {[%clk 00:15:37]} {[%emt 00:02:11]} 25. cxb3 {[%clk
00:02:00]} {[%emt 00:00:17]} Ra8 {[%clk 00:12:43]} {[%emt 00:03:25]} 26. Qa1
{[%clk 00:01:10]} {[%emt 00:01:20]} Qxe1+ {[%clk 00:10:58]} {[%emt 00:02:15]}
27. Nxe1 Bxe5 {[%clk 00:11:27]} 28. Nc2 {[%clk 00:00:36]} {[%emt 00:01:11]}
Bxa1 {[%clk 00:11:47]} {[%emt 00:00:11]} 29. Nxa1 {[%clk 00:01:01]} {[%emt
00:00:05]} 0-1

[Event "Sant Cugat Vs Valls"]
[Site "Sant Cugat del Valles"]
[Date "2023.02.18"]
[Round "5.4"]
[White "Baches Garcia, Guillermo"]
[Black "Campos Cayuelas, Adrian"]
[Result "1-0"]
[TimeControl "90'+30\""]
[WhiteTitle "IM"]
[WhiteFideId "2209764"]
[BlackFideId "22235221"]
[WhiteElo "2326"]
[BlackElo "2173"]

1. e4 {[%clk 01:30:41]} {[%emt 00:00:03]} e6 {[%emt 00:00:15]} 2. Nf3 {[%emt
00:00:29]} d5 {[%clk 01:30:55]} {[%emt 00:00:04]} 3. exd5 {[%emt 00:00:05]}
exd5 {[%clk 01:31:19]} {[%emt 00:00:04]} 4. d4 {[%emt 00:00:24]} Bd6 {[%clk
01:31:25]} {[%emt 00:00:04]} 5. c4 {[%clk 01:30:31]} {[%emt 00:02:15]} Nf6 6.
Nc3 {[%emt 00:02:41]} O-O {[%emt 00:02:25]} 7. cxd5 {[%emt 00:12:41]} Re8+
{[%emt 00:00:24]} 8. Be2 {[%emt 00:10:55]} Be7 {[%emt 00:10:35]} 9. Qb3 {[%emt
00:05:52]} Nbd7 {[%emt 00:11:38]} 10. Ne5 {[%emt 00:04:40]} Nb6 {[%emt
00:08:27]} 11. d6 {[%clk 00:54:20]} {[%emt 00:03:49]} Bxd6 12. Nxf7 {[%clk
00:51:20]} {[%emt 00:06:06]} Be6 13. Nxd8 {[%emt 00:06:02]} Bxb3 {[%emt
00:00:37]} 14. Nxb7 {[%emt 00:01:24]} Bc4 {[%emt 00:01:43]} 15. Nxd6 {[%clk
00:49:20]} {[%emt 00:00:33]} cxd6 {[%emt 00:01:09]} 16. Be3 {[%emt 00:04:35]}
Rac8 {[%emt 00:04:21]} 17. Rc1 {[%emt 00:03:16]} Bxe2 {[%emt 00:01:35]} 18.
Kxe2 {[%emt 00:06:50]} Ng4 {[%emt 00:04:34]} 19. h3 {[%emt 00:02:11]} Nxe3
{[%clk 00:36:38]} {[%emt 00:00:44]} 20. fxe3 {[%emt 00:00:38]} d5 {[%emt
00:01:17]} 21. b3 {[%clk 00:38:42]} {[%emt 00:01:20]} Rc7 {[%emt 00:00:54]} 22.
Kd3 {[%clk 00:37:43]} {[%emt 00:00:49]} Rec8 {[%emt 00:01:49]} 23. Ne2 {[%clk
00:36:37]} {[%emt 00:00:31]} g5 {[%clk 00:35:55]} {[%emt 00:00:24]} 24. Rxc7
{[%clk 00:33:05]} {[%emt 00:04:03]} Rxc7 {[%clk 00:36:24]} 25. Rf1 {[%clk
00:32:52]} {[%emt 00:00:42]} Kg7 {[%clk 00:36:22]} {[%emt 00:00:34]} 26. Nc3
{[%emt 00:02:19]} Kg6 {[%emt 00:01:13]} 27. g4 {[%emt 00:03:03]} 1-0

[Event "Sant Cugat Vs Valls"]
[Site "Sant Cugat del Valles"]
[Date "2023.02.18"]
[Round "5.5"]
[White "Congiu, Mathilde"]
[Black "Staromiejski Llorente, Albert"]
[Result "1-0"]
[TimeControl "90'+30\""]
[WhiteTitle "WIM"]
[WhiteFideId "634581"]
[BlackFideId "24584150"]
[WhiteElo "2201"]
[BlackElo "1734"]

1. e4 {[%emt 00:00:18]} Nc6 {[%emt 00:00:26]} 2. Nc3 {[%emt 00:00:27]} e6
{[%emt 00:01:54]} 3. d4 {[%emt 00:00:33]} d5 {[%emt 00:03:56]} 4. Nf3 {[%emt
00:00:46]} Bb4 {[%emt 00:01:26]} 5. e5 {[%emt 00:00:50]} f6 {[%emt 00:06:11]} 6.
a3 {[%emt 00:01:38]} Ba5 {[%emt 00:10:13]} 7. b4 {[%emt 00:00:17]} Bb6 {[%emt
00:04:00]} 8. Na4 {[%emt 00:05:00]} Nge7 {[%emt 00:09:52]} 9. exf6 gxf6 10. Bb2
{[%emt 00:02:32]} Ng6 {[%emt 00:06:14]} 11. h4 {[%emt 00:10:25]} Bd7 {[%emt
00:04:16]} 12. h5 {[%emt 00:00:35]} Nge7 {[%emt 00:04:46]} 13. Nxb6 {[%emt
00:02:19]} axb6 {[%emt 00:01:11]} 14. Bd3 {[%emt 00:00:45]} Na7 {[%emt
00:03:45]} 15. Qe2 {[%emt 00:00:42]} c5 {[%emt 00:03:38]} 16. dxc5 {[%emt
00:00:21]} e5 {[%emt 00:03:58]} 17. Nxe5 {[%emt 00:00:11]} fxe5 {[%emt
00:04:26]} 18. Qxe5 {[%emt 00:00:27]} Rf8 {[%emt 00:02:09]} 19. Bxh7 {[%emt
00:00:09]} Qc8 {[%emt 00:02:32]} 20. Bg6+ {[%emt 00:00:26]} Kd8 {[%emt
00:00:31]} 21. Qg7 {[%emt 00:02:10]} Rg8 {[%emt 00:01:19]} 22. Qh7 {[%emt
00:01:11]} Qc6 {[%emt 00:02:16]} 23. O-O-O {[%emt 00:03:06]} Nb5 {[%emt
00:01:10]} 24. Rhe1 {[%emt 00:02:18]} Be6 {[%emt 00:01:16]} 25. Bf6 {[%emt
00:01:04]} Qd7 {[%emt 00:02:39]} 26. Bxe7+ {[%emt 00:02:14]} Kc7 {[%emt
00:04:51]} 27. Rxe6 {[%emt 00:00:48]} Qxe6 {[%emt 00:00:20]} 28. Bf5 {[%emt
00:01:10]} Rg7 {[%emt 00:05:54]} 29. Qxg7 {[%emt 00:01:21]} Qxf5 {[%emt
00:01:05]} 30. cxb6+ {[%emt 00:01:55]} Kd7 {[%emt 00:00:23]} 31. Bc5+ {[%emt
00:00:46]} Kc6 {[%emt 00:00:12]} 32. Qh6+ {[%emt 00:00:09]} Kd7 {[%emt
00:01:19]} 33. Re1 {[%emt 00:01:13]} Rd8 {[%emt 00:02:02]} 34. a4 {[%emt
00:02:55]} 1-0

[Event "Sant Cugat Vs Valls"]
[Site "Sant Cugat del Valles"]
[Date "2023.02.18"]
[Round "5.6"]
[White "Vehi Bach, Victor Manuel"]
[Black "Sierra Montoya, Miquel"]
[Result "1/2-1/2"]
[TimeControl "90'+30\""]
[WhiteTitle "IM"]
[WhiteFideId "2200228"]
[BlackFideId "22230653"]
[WhiteElo "2248"]
[BlackElo "2153"]

1. e4 {[%clk 01:30:58]} c5 {[%clk 01:29:50]} {[%emt 00:01:10]} 2. Nf3 {[%clk
01:31:20]} {[%emt 00:00:08]} d6 {[%clk 01:30:02]} {[%emt 00:00:18]} 3. d4
{[%clk 01:31:41]} {[%emt 00:00:09]} cxd4 {[%clk 01:30:22]} {[%emt 00:00:10]} 4.
Nxd4 {[%clk 01:32:03]} {[%emt 00:00:08]} Nf6 {[%clk 01:30:42]} {[%emt
00:00:10]} 5. Nc3 {[%clk 01:32:26]} {[%emt 00:00:07]} Nc6 {[%clk 01:29:37]}
{[%emt 00:01:34]} 6. Bg5 {[%clk 01:32:26]} {[%emt 00:00:30]} e6 {[%clk
01:29:19]} {[%emt 00:00:49]} 7. Qd2 {[%clk 01:32:43]} {[%emt 00:00:13]} a6
{[%clk 01:29:22]} {[%emt 00:00:27]} 8. O-O-O {[%clk 01:33:02]} {[%emt
00:00:09]} Bd7 {[%clk 01:29:32]} {[%emt 00:00:21]} 9. f3 {[%clk 01:32:12]}
{[%emt 00:01:20]} Be7 {[%clk 01:28:02]} {[%emt 00:02:01]} 10. Kb1 {[%clk
01:30:57]} {[%emt 00:01:45]} Nxd4 {[%clk 01:09:53]} {[%emt 00:18:39]} 11. Qxd4
{[%clk 01:31:04]} {[%emt 00:00:23]} b5 {[%clk 01:09:47]} {[%emt 00:00:35]} 12.
h4 {[%clk 01:04:55]} {[%emt 00:26:38]} Rb8 {[%clk 00:52:38]} {[%emt 00:17:40]}
13. Be3 {[%clk 00:43:55]} {[%emt 00:21:30]} h5 {[%clk 00:48:30]} {[%emt
00:04:38]} 14. Bg5 {[%clk 00:44:02]} {[%emt 00:00:23]} b4 {[%clk 00:46:26]}
{[%emt 00:02:35]} 15. Ne2 {[%clk 00:44:23]} {[%emt 00:00:09]} a5 {[%clk
00:39:28]} {[%emt 00:07:28]} 16. Nc1 {[%clk 00:40:48]} {[%emt 00:04:05]} Qc7
{[%clk 00:31:19]} {[%emt 00:08:40]} 17. Be2 {[%clk 00:38:33]} {[%emt 00:02:44]}
a4 {[%clk 00:20:20]} {[%emt 00:11:29]} 18. Bxf6 {[%clk 00:31:17]} {[%emt
00:07:46]} Bxf6 {[%clk 00:19:18]} {[%emt 00:01:32]} 19. Qxd6 {[%clk 00:31:38]}
{[%emt 00:00:09]} Qxd6 {[%clk 00:19:43]} {[%emt 00:00:05]} 20. Rxd6 {[%clk
00:31:59]} {[%emt 00:00:09]} a3 {[%clk 00:20:04]} {[%emt 00:00:09]} 21. b3
{[%clk 00:31:27]} {[%emt 00:01:02]} Ke7 {[%clk 00:20:26]} {[%emt 00:00:08]} 22.
Rdd1 {[%clk 00:28:23]} {[%emt 00:03:34]} Bc6 {[%clk 00:17:08]} {[%emt
00:03:49]} 23. Bc4 {[%clk 00:23:55]} {[%emt 00:04:58]} Rhd8 {[%clk 00:17:01]}
{[%emt 00:00:36]} 24. Rxd8 {[%clk 00:23:58]} {[%emt 00:00:28]} Rxd8 {[%clk
00:17:25]} {[%emt 00:00:06]} 25. Bd3 {[%clk 00:19:14]} {[%emt 00:05:14]} Bd4
{[%clk 00:16:39]} {[%emt 00:01:16]} 26. Ne2 {[%clk 00:18:55]} {[%emt 00:00:48]}
Bf2 {[%clk 00:16:04]} {[%emt 00:01:05]} 27. g3 {[%clk 00:14:50]} {[%emt
00:04:36]} e5 {[%clk 00:15:26]} {[%emt 00:01:09]} 28. Rf1 {[%clk 00:11:45]}
{[%emt 00:03:34]} Be3 {[%clk 00:15:23]} {[%emt 00:00:33]} 29. Ng1 {[%clk
00:08:17]} {[%emt 00:03:58]} Rd6 {[%clk 00:12:46]} {[%emt 00:03:07]} 1/2-1/2